C++ (Include CD) : (Record no. 188358)

000 -LEADER
fixed length control field 01575 a2200241 4500
003 - CONTROL NUMBER IDENTIFIER
control field Nust
005 - DATE AND TIME OF LATEST TRANSACTION
control field 20230531110712.0
010 ## - LIBRARY OF CONGRESS CONTROL NUMBER
LC control number 97047128
020 ## - INTERNATIONAL STANDARD BOOK NUMBER
International Standard Book Number 8131704408
040 ## - CATALOGING SOURCE
Transcribing agency Nust
082 00 - DEWEY DECIMAL CLASSIFICATION NUMBER
Classification number 005.133,DEI
100 1# - MAIN ENTRY--PERSONAL NAME
Personal name Deitel, Harvey M.,
9 (RLIN) 14017
245 10 - TITLE STATEMENT
Title C++ (Include CD) :
Remainder of title how to program /
Statement of responsibility, etc. H.M. Deitel, P.J. Deitel.
250 ## - EDITION STATEMENT
Edition statement 5th ed.
260 ## - PUBLICATION, DISTRIBUTION, ETC.
Place of publication, distribution, etc. Upper Saddle River, NJ :
Name of publisher, distributor, etc. Prentice Hall,
Date of publication, distribution, etc. c2004.
300 ## - PHYSICAL DESCRIPTION
Extent lvii, 1130 p. :
Other physical details ill. ;
Dimensions 24 cm.
440 #0 - SERIES STATEMENT/ADDED ENTRY--TITLE
Title How to program series
9 (RLIN) 17973
505 ## - FORMATTED CONTENTS NOTE
Formatted contents note Introduction to Computers, the Internet and World Wide Web (Page-1), Introduction to C ++ Programming (Page-32)m Introduction to Classes and Objects (Page-70), Control Statements Part I (Page-120), Control Statements Part II (Page-181), m Functions and an Introduction to Recursion (Page-234), Arrays and Vectors (Page-322), Pointers and Pointer-Based Strings (Page-397), Classes A Deeper Look Part I (Page-476), Classes A Deeper Look Part II (Page-518), Operator Overloading String and Array Objects (Page-566), Object-Oriented Programming Inheritance (Page-628), Object-Oriented Programming Polymorphism (Page-681), Templates (Page-743), Stream Input/output (Page-763)m Exception Handling (Page-804), File Processing (Page-835), Web Programming (Page-905), Searching and Sorting (Page-969)m Data Structures (Page-992), Standard Template Library (STL) (Page-1051), Other Topics (Page-1141).
650 #0 - SUBJECT ADDED ENTRY--TOPICAL TERM
Topical term or geographic name entry element C++ (Computer program language)
651 ## - SUBJECT ADDED ENTRY--GEOGRAPHIC NAME
Geographic name (Include CD)
9 (RLIN) 8953
700 1# - ADDED ENTRY--PERSONAL NAME
Personal name Deitel, Paul J.
9 (RLIN) 14019
942 ## - ADDED ENTRY ELEMENTS (KOHA)
Source of classification or shelving scheme
Koha item type Book Bank
Holdings
Withdrawn status Lost status Source of classification or shelving scheme Damaged status Not for loan Permanent Location Current Location Shelving location Date acquired Full call number Barcode Date last seen Price effective from Koha item type Public note
          Military College of Signals (MCS) Military College of Signals (MCS) General Stacks 12/12/2016 005.133,DEI MCS36342 12/08/2016 12/12/2016 Book Almirah No.80, Shelf No.3
© 2023 Central Library, National University of Sciences and Technology. All Rights Reserved.